Cuadros de viaje. tomo 2 /

Guardado en:
Autor Principal: Heine, Heinrich
Formato: Libro
Publicado: España : Hernando, 1889
Etiquetas: Agregar Etiqueta
Sin Etiquetas, Sea el primero en etiquetar este registro!
LEADER 00409nam a22001455a 4500
001 CEM.cems003189
005 19000101000000.0
008 130507s1889##################000#0#####d
003 CEMS
082 0 4 |a 833.7 
100 1 |a Heine, Heinrich 
245 1 0 |a Cuadros de viaje. tomo 2 /  |c Heinrich Heine 
260 |a España :  |b Hernando,  |c 1889 
300 |a 405 p.1 
859 |a CEMS  |b BIB. CEMS - 11 de abril  |h 833.7  |i H364/II  |p 5648.76  |t Ej.1